Największe miasta Półwyspu Iberyjskiego - Statystyki

Ogólne statystyki
  • Ten quiz został rozwiązany 46 razy
  • Średni wynik to 9 z 15
Statystyki odpowiedzi
Państwo Liczba Ludnosci Miasto % Poprawnych
2 Hiszpania 1.605.602 Barcelona
100%
1 Hiszpania 3.284.110 Madryt
100%
6 Portugalia 547 733 Lizbona
93%
3 Hiszpania 852.304 Walencja
89%
4 Hiszpania 704.114 Sewilla
84%
9 Hiszpania 353.950 Bilbao
82%
7 Hiszpania 535.686 Malaga
78%
5 Hiszpania 620.419 Saragossa
56%
13 Hiszpania 288.481 Alicante
38%
8 Hiszpania 377.888 Murcja
36%
12 Hiszpania 293.725 Vigo
36%
11 Hiszpania 314.805 Kordoba
29%
14 Hiszpania 270.211 Gijón
22%
10 Hiszpania 318.576 Valladolid
22%
15 Hiszpania 248.150 L’Hospitalet de Llobregat
2%
Nie znaleziono quizów pasujących do podanych kryteriów
Rozkład punktacji
Procent ludzi z każdym wynikiem
Percentyl według liczby udzielonych odpowiedzi
Twoja historia wyników
Nie rozwiązałeś tego quizu